000 00502nam a2200157 a 4500
001 000026374
005 20200930024535.0
008 110315s20uu dr ac r 000 0 spa d
040 _aDO-SdBNP
_bspa
_cBNPHU
082 _axxxx
_bxxxx
100 1 _aCartagena, Elvis D.
_d1965-
_911382
245 1 3 _aLa sabiduría eterna :
_bbiografías y frases célebres de todos los tiempos /
_cElvis D. Cartagena.
260 _a[Santo Domingo] :,
_c[s.n.].
300 _a82 p. ;
_c22 cm.
504 _aBibliografía : p. 82
999 _c25866
_d25866